| 000 | 00363nam a2200145Ia 4500 | ||
|---|---|---|---|
| 008 | 191201s2009 xx 000 0 und d | ||
| 082 |
_a332.6 _bAVS |
||
| 100 | _aAVADHANI, VA | ||
| 245 | 0 | _aSecurity Analysis and Portfolio Management | |
| 250 | _aRep | ||
| 260 |
_aN.Delhi _bHimalaya Publication House _c2009 |
||
| 300 | _a584 | ||
| 650 | _aMBA | ||
| 942 |
_2ddc _cBK |
||
| 999 |
_c4294 _d4294 |
||